| 000 | 01401nam a2200325 a 4500 | ||
|---|---|---|---|
| 001 | ebr10302902 | ||
| 003 | CaPaEBR | ||
| 006 | m u | ||
| 007 | cr cn||||||||| | ||
| 008 | 090806s2008 dcua sb 000 0 eng d | ||
| 040 |
_aCaPaEBR _cCaPaEBR |
||
| 035 | _a(OCoLC)568151187 | ||
| 050 | 1 | 4 |
_aHG3851.3 _b.W8 2008eb |
| 100 | 1 | _aWu, Yi. | |
| 245 | 1 | 4 |
_aThe role of institutional quality in a currency crisis model _h[electronic resource] / _cprepared by Yi Wu. |
| 260 |
_aWashington, D.C. : _bInternational Monetary Fund, Policy Development and Review Dept., _c2008. |
||
| 300 |
_a16 p. : _bill. |
||
| 490 | 1 |
_aIMF working paper ; _vWP/08/5 |
|
| 500 | _a"January 2008." | ||
| 504 | _aIncludes bibliographical references (p. 16). | ||
| 533 |
_aElectronic reproduction. _bPalo Alto, Calif. : _cebrary, _d2013. _nAvailable via World Wide Web. _nAccess may be limited to ebrary affiliated libraries. |
||
| 650 | 0 |
_aCurrency crises _xEconometric models. |
|
| 650 | 0 |
_aFinancial institutions _xEconometric models. |
|
| 650 | 0 |
_aTax collection _xEconometric models. |
|
| 655 | 7 |
_aElectronic books. _2local |
|
| 710 | 2 |
_aInternational Monetary Fund. _bPolicy Development and Review Dept. |
|
| 710 | 2 | _aebrary, Inc. | |
| 830 | 0 |
_aIMF working paper ; _vWP/08/5. |
|
| 856 | 4 | 0 |
_uhttp://site.ebrary.com/lib/rucke/Doc?id=10302902 _zAn electronic book accessible through the World Wide Web; click to view |
| 999 |
_c69683 _d69683 |
||